=LDR 00000nam 2200000 4500 =001 INLIS000000000810248 =005 20251120102811 =035 ##$$a 0010-1125000102 =007 ta =008 251120###########################0###### =020 ##$$a 9786028417174 =082 ##$$a 297.77 =084 ##$$a 297.77 BAD k =245 ##$$a Kisah inspiratif para penghafal al Qur an : $b merekayang tak kenal putus asa untuk menjadi penjaga wahyu ilahi /$c Ahmad Salim Badwilan =260 ##$$a Solo :$b WIP Wacana Ilmiah Press,$c 2012 =300 ##$$a 248 hlm ; $c 14 x 20.5 cm